| 000 | 00515nam a2200181 a 4500 | ||
|---|---|---|---|
| 001 | 7101 | ||
| 003 | CO-ViMGA | ||
| 008 | 141112s2004 ck r 000 u spa d | ||
| 040 |
_aCO-ViMGA _bspa _cCO-ViMGA |
||
| 082 | 0 | 4 | _a694.2 L378h |
| 100 | 1 |
_aLesur Esquivel, Luis _95212 |
|
| 245 | 1 | 0 |
_aManual de carpintería : _blas herramientas de mano |
| 260 |
_aMexico : _bTrillas, _c1991 |
||
| 300 | _a160 p : il | ||
| 490 | _aCómo hacer bien y fácilmente | ||
| 650 | 1 | 4 |
_aCARPINTERIA - HERRAMIENTAS _96198 |
| 942 |
_2ddc _cBK |
||
| 999 |
_c19066 _d19066 |
||